000
00508nam a2200181Ia 4500
008
100917s9999 xx 000 0 und d
082
_b
35694
100
_a
प्रभुदेसाई बाळकृष्ण
245
_a
आदिवास
260
_b
अभिजात प्रकाशन
_c
1978
300
_a
120
365
_b
12
520
_a
कादंबरी
630
_a
आदिवास
650
_a
कादंबरी
730
_a
आदिवास
942
_c
BOOK
999
_c
641088
_d
641085